000 00330nam a22001457a 4500
008 210429b ||||| |||| 00| 0 eng d
020 _a9780133163971
041 _aeng
080 _a53
082 _a53
100 _a43
101 _aFIZ
245 _aPhysical Science Concepts in Action
_cMicheal Wysession
942 _2udc
_cBK
999 _c56925
_d56925